<?xml version="1.0" encoding="UTF-8"?>
<record
    xmlns:xsi="http://www.w3.org/2001/XMLSchema-instance"
    xsi:schemaLocation="http://www.loc.gov/MARC21/slim http://www.loc.gov/standards/marcxml/schema/MARC21slim.xsd"
    xmlns="http://www.loc.gov/MARC21/slim">

  <leader>00852nom a22001577a 4500</leader>
  <controlfield tag="005">20220608182338.0</controlfield>
  <controlfield tag="008">190718b        xxu||||| |||| 00| 0 spa d</controlfield>
  <datafield tag="041" ind1=" " ind2=" ">
    <subfield code="a">ESP</subfield>
  </datafield>
  <datafield tag="082" ind1=" " ind2=" ">
    <subfield code="a">Modelos de &#xFA;lcera por presi&#xF3;n</subfield>
  </datafield>
  <datafield tag="245" ind1=" " ind2=" ">
    <subfield code="a">Modelos de &#xFA;lcera por presi&#xF3;n</subfield>
  </datafield>
  <datafield tag="500" ind1=" " ind2=" ">
    <subfield code="a">Contiene:

Etapa 1: Herida con enrojecimiento sin lesi&#xF3;n cut&#xE1;nea.
Etapa 2: Herida abierta enrojecida con p&#xE9;rdida cut&#xE1;nea parcial.
Etapa 3: Herida abierta profunda que atraviesa todas las capas de la piel y llega al m&#xFA;sculo.
Etapa 4: Herida abierta profunda severa que atraviesa todas las capas de la piel da&#xF1;ando el m&#xFA;sculo, el hueso, los tendones y las articulaciones.

Se prestan para el mismo d&#xED;a, hasta las 7:50 pm</subfield>
  </datafield>
  <datafield tag="650" ind1=" " ind2=" ">
    <subfield code="a">&#xDA;LCERA POR PRESI&#xD3;N</subfield>
    <subfield code="9">63533</subfield>
  </datafield>
  <datafield tag="650" ind1=" " ind2=" ">
    <subfield code="a">LESIONES EN LA PIEL</subfield>
    <subfield code="9">63534</subfield>
  </datafield>
  <datafield tag="650" ind1=" " ind2=" ">
    <subfield code="a">MODELOS ANAT&#xD3;MICOS</subfield>
    <subfield code="9">63552</subfield>
  </datafield>
  <datafield tag="942" ind1=" " ind2=" ">
    <subfield code="c">MA</subfield>
  </datafield>
  <datafield tag="999" ind1=" " ind2=" ">
    <subfield code="c">12128</subfield>
    <subfield code="d">12128</subfield>
  </datafield>
  <datafield tag="952" ind1=" " ind2=" ">
    <subfield code="0">0</subfield>
    <subfield code="1">0</subfield>
    <subfield code="4">0</subfield>
    <subfield code="7">0</subfield>
    <subfield code="g">494050.00</subfield>
    <subfield code="l">0</subfield>
    <subfield code="o">Modelos de &#xFA;lcera por presi&#xF3;n</subfield>
    <subfield code="p">ACT-7766</subfield>
    <subfield code="r">2019-07-18 00:00:00</subfield>
    <subfield code="t">Etapa 1</subfield>
    <subfield code="y">MA</subfield>
  </datafield>
  <datafield tag="952" ind1=" " ind2=" ">
    <subfield code="0">0</subfield>
    <subfield code="1">0</subfield>
    <subfield code="4">0</subfield>
    <subfield code="7">0</subfield>
    <subfield code="g">494050.00</subfield>
    <subfield code="l">0</subfield>
    <subfield code="o">Modelos de &#xFA;lcera por presi&#xF3;n</subfield>
    <subfield code="p">ACT-7763</subfield>
    <subfield code="r">2019-07-18 00:00:00</subfield>
    <subfield code="t">Etapa 2</subfield>
    <subfield code="y">MA</subfield>
  </datafield>
  <datafield tag="952" ind1=" " ind2=" ">
    <subfield code="0">0</subfield>
    <subfield code="1">0</subfield>
    <subfield code="4">0</subfield>
    <subfield code="7">0</subfield>
    <subfield code="g">494050.00</subfield>
    <subfield code="l">0</subfield>
    <subfield code="o">Modelos de &#xFA;lcera por presi&#xF3;n</subfield>
    <subfield code="p">ACT-7765</subfield>
    <subfield code="r">2019-07-18 00:00:00</subfield>
    <subfield code="t">Etapa 3</subfield>
    <subfield code="y">MA</subfield>
  </datafield>
  <datafield tag="952" ind1=" " ind2=" ">
    <subfield code="0">0</subfield>
    <subfield code="1">0</subfield>
    <subfield code="4">0</subfield>
    <subfield code="7">0</subfield>
    <subfield code="g">494050.00</subfield>
    <subfield code="l">0</subfield>
    <subfield code="o">Modelos de &#xFA;lcera por presi&#xF3;n</subfield>
    <subfield code="p">ACT-7764</subfield>
    <subfield code="r">2019-07-18 00:00:00</subfield>
    <subfield code="t">Etapa 4</subfield>
    <subfield code="y">MA</subfield>
  </datafield>
</record>
